书目信息 |
| 题名: |
化工原理
|
|
| 作者: | 赵秀琴 主编 | |
| 分册: | ||
| 出版信息: | 北京 化学工业出版社 2016.03 |
|
| 页数: | 275页 | |
| 开本: | 26cm | |
| 丛书名: | ||
| 单 册: | ||
| 中图分类: | TQ02 | |
| 科图分类: | ||
| 主题词: | 化工过程:物理过程 , 化工过程:物理化学过程 , 化工过程 | |
| 电子资源: | ||
| ISBN: | 978-7-122-25951-6 | |
| 000 | 00766nam0 2200253 450 | |
| 001 | 2036787926 | |
| 005 | 20240930122320.27 | |
| 010 | @a978-7-122-25951-6@dCNY38.00 | |
| 100 | @a20201104d2016 km y0chiy0120 ea | |
| 101 | 0 | @achi |
| 102 | @aCN@b110000 | |
| 200 | 1 | @a化工原理@AHua Gong Yuan Li@d=HUAGONG YUANLI@f赵秀琴主编@FZhao Xiu Qin Zhu Bian |
| 210 | @a北京@c化学工业出版社@d2016.03 | |
| 215 | @a275页@d26cm | |
| 300 | @a普通高等教育"十三五 " 规划教材 | |
| 503 | @n河南城建学院图书馆 | |
| 510 | 1 | @aHUAGONG YUANLI |
| 606 | 0 | @a化工过程:物理过程 |
| 606 | 0 | @a化工过程:物理化学过程 |
| 606 | 0 | @a化工过程 |
| 690 | @aTQ02@v4 | |
| 701 | 0 | @a赵秀琴@AZhao Xiu Qin@4主编 |
| 801 | 0 | @aCN@b大连网信软件有限公司图书馆·11@c20240930 |
| 905 | @aZUCC@dTQ02@eZ3351 | |
| 化工原理=HUAGONG YUANLI/赵秀琴主编.-北京:化学工业出版社,2016.03 |
| 275页;26cm |
| 普通高等教育"十三五 " 规划教材 |
| ISBN 978-7-122-25951-6:CNY38.00 |
| ● |
| 相关链接 |
|
|
|
正题名:化工原理
索取号:TQ02/Z3351
 
预约/预借
| 序号 | 登录号 | 条形码 | 馆藏地/架位号 | 状态 | 备注 |
| 1 | 1501828 | 215018282 | 城院文库/ [索取号:TQ02/Z335] | 在馆 | |
| 2 | 1553039 | 215530398 | 自科库501/501自科库 137排7列2层/ [索取号:TQ02/Z3351] | 在馆 |